| 000 | 01012nam a2200301 a 4500 | ||
|---|---|---|---|
| 001 | 2572816 | ||
| 003 | OSt | ||
| 005 | 20230717102521.0 | ||
| 008 | 950509s1994 fr b i000 0 eng d | ||
| 010 | _a 95212991 | ||
| 020 | _a9231030396 | ||
| 035 | _a(OCoLC)32440065 | ||
| 040 |
_aNSbSU _cNSbSU _dIU _dDLC |
||
| 042 | _alccopycat | ||
| 082 | 0 | 0 |
_a370.1 _bRAY |
| 245 | 0 | 0 |
_aEducation for human rights : _ban international perspective / _cby Douglas Ray ... [et al.]. |
| 260 |
_aParis, France : _bUnesco, International Bureau of Education, _cc1994. |
||
| 300 |
_a304 p. ; _c21 cm. |
||
| 490 | 1 | _aStudies in comparative education | |
| 504 | _aIncludes bibliographical references. | ||
| 650 | 0 | _aInternational education. | |
| 650 | 0 |
_aHuman rights _xStudy and teaching. |
|
| 700 | 1 | _aRay, Douglas. | |
| 830 | 0 | _aStudies in comparative education (Paris, France) | |
| 906 |
_a7 _bcbc _ccopycat _d3 _encip _f19 _gy-gencatlg |
||
| 942 |
_2ddc _cBK |
||
| 999 |
_c3979 _d3979 |
||